000 00790nam a2200253 a 4500
001 43557
003 BD-RjUL
005 20211209053721.0
008 160625s1961 enka 001 0 eng
035 _a(BD-RjUL)43675
040 _aDLC
_cDLC
_dDLC
_beng
041 _aeng
082 0 0 _a657.3
_bCLB 1961
100 1 _aClemens, J. H.
_q(James Harold)
_9133804
245 1 0 _aBalance sheets and the lending banker :
_ba new assessment of accounts and their interpretation in relation to bank advances /
_cJ. H. Clemens
250 _a3rd rev. ed.
260 _aLondon :
_bEuropa,
_c1961.
300 _a271 p. :
_bill. ;
_c25 cm.
500 _aIncludes index.
650 0 _aBank credit.
_9133805
650 0 _aFinancial statements.
_9133806
942 _2ddc
_cBK
999 _c43557
_d43557